| 000 | 00610nam a2200193 a 4500 | ||
|---|---|---|---|
| 001 | BRCA_1505 | ||
| 005 | 20190320203445.0 | ||
| 008 | 920303s1990----mx-a---##c---f000-0#spa-# | ||
| 020 | _a9683617271 | ||
| 050 | 4 |
_aND259.H4 _b.T68 1990 |
|
| 100 | 1 |
_aToussaint, Manuel _d1890-1955 _94911 |
|
| 245 | 1 | 0 |
_aSaturnino Herrán y su obra _cManuel Toussaint. |
| 250 | _a2 | ||
| 260 |
_aMéxico _bUNAM, Instituto de Investigaciones Estéticas _c1990 |
||
| 300 |
_a59 p. _bil. (algunas a color) _c21 cm. |
||
| 600 | 1 | 4 |
_aHerrán, Saturnino _d1887-1918 _vCatálogos _94912 |
| 650 | 1 | 4 |
_aPintores mexicanos _94220 |
| 942 |
_2lcc _cB |
||
| 999 |
_c1364 _d1364 |
||